| 000 | 01307nam a2200133Ia 4500 | ||
|---|---|---|---|
| 008 | 220620s9999||||xx |||||||||||||| ||und|| | ||
| 020 | _a9783040000000 | ||
| 245 | 0 | _aExtension of Healthy Life Span of Dialysis Patients in the Era of a 100-Year Life | |
| 546 | _aEnglish[eng] | ||
| 650 | _ahypertension||body weight||mortality||sodium||dialysis||malnutrition||protein energy wasting (PEW)||sarcopenia||carnitine||carnitine deficiency||end-stage kidney disease||peritoneal dialysis||hemodialysis||frailty||protein energy wasting||hypercatabolism||renal rehabilitation||exercise||sarcopenia and frailty||nutritional support||protein synthesis||muscle physiology||physical activity||exercise tolerance||quality of life||skeletal muscle||aging||chronic kidney disease||diabetes||CKD-MBD||FGF23||aKlotho||phosphate-binder||zinc||cardiovascular disease||potassium||potassium excretion||blood pressure||salt||CKD||fat mass||visceral fat||subcutaneous fat||nutrition||body mass index||obesity paradox||magnetic resonance imaging||diffusion tensor imaging||arterial spin labeling||blood oxygenation level-dependent||nutritional status||dialysis patients||clinical malnutrition||older individuals||n/a | ||
| 700 | _aInaba, Masaaki||Mori, Katsuhiko | ||
| 856 | _uhttps://mdpi.com/books/pdfview/book/4722 | ||
| 942 | _cEB | ||
| 999 |
_c25434 _d25434 |
||